000 00666nam a2200181Ia 4500
008 151018s9999 xx 000 0 und d
082 _bRBASDV51252
_a891.434
100 _aकर्तार सिंह दुग्गल
245 _aमै क्या लिखता हुँ
250 _b1
260 _bएस के जी पब्लिशर्स
_c2010
300 _a110
600 _aकर्तार सिंह दुग्गल
630 _aमै क्या लिखता हुँ
700 _aकर्तार सिंह दुग्गल
730 _aमै क्या लिखता हुँ
942 _cBOOK
999 _c1050144
_d1050141